Online
Catalog

En torno a la informalidad : (Record no. 13915)

MARC details
000 -CABECERA
campo de control de longitud fija 00884cam a2200241 a 4500
001 - NÚMERO DE CONTROL
campo de control 000014320
005 - FECHA Y HORA DE LA ÚLTIMA TRANSACCIÓN
campo de control 20200929163555.0
008 - DATOS DE LONGITUD FIJA--INFORMACIÓN GENERAL
campo de control de longitud fija 950524s1995 mx a b 000 0 spa
020 ## - NÚMERO INTERNACIONAL ESTÁNDAR DEL LIBRO
Número Internacional Estándar del Libro 9688424919
035 ## - NÚMERO DE CONTROL DEL SISTEMA
Número de control de sistema (DLC) 95156845
040 ## - FUENTE DE LA CATALOGACIÓN
Centro catalogador/agencia de origen DO-SdBNP
Centro/agencia transcriptor DLC
082 ## - NÚMERO DE LA CLASIFICACIÓN DECIMAL DEWEY
Número de clasificación 338.634
Número de documento/Ítem P849t
100 1# - ENTRADA PRINCIPAL--NOMBRE DE PERSONA
Nombre de persona Portes, Alejandro,
Fechas asociadas al nombre 1944-
9 (RLIN) 32297
245 10 - MENCIÓN DE TÍTULO
Título En torno a la informalidad :
Resto del título ensayos sobre teoría y medición de la economía no regulada /
Mención de responsabilidad, etc. Alejandro Portes.
260 ## - PUBLICACIÓN, DISTRIBUCIÓN, ETC.
Lugar de publicación, distribución, etc. México :
Nombre del editor, distribuidor, etc. FLACSO Sede México :
-- Miguel Angel Porrua Grupo Editorial,
Fecha de publicación, distribución, etc. 1995.
300 ## - DESCRIPCIÓN FÍSICA
Extensión 251 p. :
Otras características físicas il. ;
Dimensiones 21 cm.
490 1# - MENCIÓN DE SERIE
Mención de serie Las Ciencias sociales
504 ## - NOTA DE BIBLIOGRAFÍA, ETC.
Nota de bibliografía, etc. Bibliografías: p. 225-247.
650 #4 - PUNTO DE ACCESO ADICIONAL DE MATERIA--TÉRMINO DE MATERIA
Término de materia o nombre geográfico como elemento de entrada Economía informal
Subdivisión general América latina
9 (RLIN) 32298
650 #4 - PUNTO DE ACCESO ADICIONAL DE MATERIA--TÉRMINO DE MATERIA
Término de materia o nombre geográfico como elemento de entrada América latina
Subdivisión general Condiciones económicas
9 (RLIN) 32299
830 #0 - PUNTO DE ACCESO ADICIONAL DE SERIE-TÍTULO UNIFORME
Título uniforme Las Ciencias sociales.
9 (RLIN) 32300
910 ## - DATOS DE OPCIÓN DEL USUARIO (OCLC)
Datos de opción del usuario Catalogación por copia/LC
Holdings
Estado de retiro Estado de pérdida Restricciones de uso No para préstamo Código de colección Localización permanente Ubicación/localización actual Ubicación en estantería Fecha de adquisición Número de inventario Total de préstamos Signatura topográfica completa Código de barras Fecha visto por última vez Precio válido a partir de Tipo de ítem Koha Número de copia
    Préstamo interno   Monografías: Libros y Folletos General General En catalogación 09.12.2009 LF1   338.634 P849t 14320-10 25.06.2020 25.06.2020 Préstamo interno  
    Préstamo restringido Préstamo restrigido Monografías: Libros y Folletos General General En catalogación 09.12.2009 LF1   338.634 P849t 14320-20 25.06.2020 25.06.2020 Préstamo interno e.2
    Préstamo interno   Monografías: Libros y Folletos General General En catalogación 09.12.2009 LF1   338.634 P849t 14320-30 25.06.2020 25.06.2020 Préstamo interno e.3

Powered by Koha